Statistics for Formula One Circuits

Click here to take the quiz!

General Stats

  • This quiz has been taken 121 times
  • The average score is 68 of 140

Answer Stats

Answer Letters of other answers % Correct
Spaü n k P e o
87%
Monaco
85%
Italy
84%
United Kingdom
83%
Germany
83%
Belgium
82%
United States
80%
Monzao l . u e h
78%
Brazil
77%
Silverstonep r t e a s
77%
France
76%
Spain
74%
China
72%
Australia
71%
India
70%
Netherlands
70%
Japan
70%
Canada
69%
Mexico
69%
Russia
69%
Hockenheimã d d k e .
69%
Austria
67%
São Paulou n u w . l
66%
Imolao l n a n a
66%
Hungary
65%
Monte Carloi a b r n u
63%
Portugal
63%
United Arab Emirates
62%
Nürburgo c . p o .
61%
Malaysia
61%
Argentina
60%
Bahrain
60%
Singapore | o w a z i a
59%
South Africa
55%
Suzukae o t o s d
54%
Turkey
53%
Melbourneu d k d s L
53%
Barcelonal e e . . . | e l M w s .
51%
Abu Dhabii d e n p r
47%
Sweden
47%
Montrealo o a v a g
47%
South Korea
44%
Speedwaye a i e . l
41%
Valenciao v m i a k
40%
Switzerland
38%
Budapesta z t a e r
38%
Sochii s e - . o
37%
Morocco
37%
Shanghaia e m d e .
37%
Estorilh k l s e n
35%
Jerez de la Fronterae u o r c .
33%
Adelaidee o s m p e
33%
Zandvoortu l l m u .
33%
Austine i c m e x
32%
Mexico Citya n o g r d
31%
Kuala Lumpure s t r h .
29%
Detroitb j e n . o
29%
Istanbule t . n s i
28%
Dallase l e i n g
27%
Rio de Janeiroe r g . n u
26%
Buenos Airesi t e r . .
26%
Long Beacho t e o h .
24%
Las Vegasi n t e s .
23%
Pescara
19%
Sakhird i . d a o
17%
Dijonn l e r a .
17%
Le Manse v l o n a
17%
Phoenixa c a V l r
16%
Jaramai n m n . t
16%
Watkins Glenp v l c l .
14%
Montmelóe e r i w .
13%
Neversu x t . i a
13%
Anderstorpa u e g n m
10%
Berlini b a a
10%
Portoa i l a e i
10%
Reimsi u a a B v
9%
Casablancae
8%
Sebringa s
8%
Lisbone s c
8%
Zeltwegi r b i l a | m n b o n s
8%
Aidaa v t o l t
8%
Yeongamh r r t i o
6%
Roueni e t g o o
6%
Mont-Tremblanto r c a n g
6%
Kents a h a . .
5%
Castellete t n i i .
5%
Bremgartenu o z e o r
4%
Nivelleso r c e s s
4%
East Londono d . l T .
4%
Riversidee s r b r
3%
Liverpoolr s n u l n
3%
Clermont-Ferrandr o t i . g
2%
Greater Noidah s h . e e
2%
Midranda e e a o l
1%
Bowmanvilles r r D . t
1%
Leicestershirea . t r n .
1%
Heusden-Zoldera n g a b d
0%
Shizuokaa e a n L .
0%

Score Distribution

Percentile by Number Answered

Percent of People with Each Score

Your Score History

You have not taken this quiz